000 00422 a2200169 4500
001 50175
020 _a8524912537
040 _cAnchieta - Bela Vista
100 _aGarcez, Lucilia
240 1 0 _aBrasília de cerrado a capital da República
_lpor
245 1 0 _aBrasília de cerrado a capital da República
300 _a23
362 0 _a2006
440 1 _aCortez
650 4 _aLiteratura infanto-juvenil
942 _cBK
999 _c50175
_d50175